Statistics for State Flag by Description

Click here to take the quiz!

General Stats

  • This quiz has been taken 357 times
  • The average score is 13 of 20

Answer Stats

DescriptionState Flag% Correct
Big bear on a white fieldCalifornia
89%
White pelican on a blue fieldLouisiana
82%
Big dipper and north star on blue fieldAlaska
80%
White palm tree and crescent moon on a blue fieldSouth Carolina
80%
Vertical blue stripe with a lone star and a horizontal white and red stripeTexas
80%
Blue, white, and blue horizontal stripe with a red 'C' filled with a gold circleColorado
74%
Red zia (stylized sun) on a yellow fieldNew Mexico
73%
Red, white, and blue stripe with confederate saltire in upper left cornerMississippi
72%
Two sided flag with a yellow beaver on the reverseOregon
72%
Quartered flag with black and gold checkerboard and greek crosses with trefoilsMaryland
68%
White buffalo on a blue field with a red borderWyoming
68%
Presidential portrait on a lime green fieldWashington
67%
Red 'X' on a white fieldAlabama
66%
Pennant shaped red, white, & blue flagOhio
63%
8 thin red white and blue stripes with a union jack in the upper left cornerHawaii
61%
Red and yellow rays shooting out of a bronze star with a bottom blue horizonArizona
60%
Anchor surrounded by stars on a white fieldRhode Island
55%
Osage Nation buffalo skin shield on a sky blue fieldOklahoma
47%
Gold torch surrounded by 19 gold stars on a blue fieldIndiana
46%
Three white stars on a blue circle on a red fieldTennessee
44%

Score Distribution

Percentile by Number Answered

Percent of People with Each Score

Your Score History

You have not taken this quiz